Score 0/30 Timer 04:00
8 Plays Today
Hint True/ False % Correct
Brasília is the capital city of Brazil???
82.9%
There are more countries in Africa than Asia???
75.8%
Seattle is more northerly than New York City???
72.1%
The Indian Ocean is the third largest ocean in the world???
71.8%
The world's tallest waterfall is in Venezuela???
71.4%
Over a quarter of adults in eSwatini have HIV/AIDS???
70.9%
The island of Borneo is occupied by three countries ???
70.5%
The Maldives has the lowest high point of any country???
65.8%
Memphis is the state capital of Tennessee???
65.5%
Osh is the capital city of Kyrgyzstan???
65.1%
Shanghai has a greater population than Beijing???
64.3%
Vanuatu has a greater area than Nauru???
62.7%
Australia's flag contains more stars than New Zealand's???
62.7%
The currency of Switzerland is the Euro???
62.1%
Transnistria is a disputed territory in Moldova???
60.9%
Hint True/ False % Correct
Iowa has a greater area than Greece???
57.2%
Rhode Island has a greater population than Mongolia???
55.2%
The city of Utrecht is in Holland???
54.2%
Greenland is on the Eurasian tectonic plate???
51.3%
The Sahara Desert has a greater area than USA???
48.6%
Lake Victoria is larger than Lake Superior???
47.9%
Russia is the world's largest oil producer???
46.1%
Madrid is more easterly than London???
42.2%
China borders the same number of countries as Russia???
40.8%
Cyprus is the only country to depict its map on its flag ???
40.5%
Uruguay has a greater population than Paraguay???
37.4%
Mount Kilimanjaro is higher than Denali???
35.1%
Japan has the world's highest life expectancy???
33.5%
Johannesburg is one of South Africa's three capital cities???
27.9%
The Nile River is more than double the length of the Volga ???
25.6%
Remove Ads.
Support Sporcle.
Get the best of Sporcle when you Go Orange. This ad-free experience offers more features, more stats, and more fun while also helping to support Sporcle. Thank you for becoming a member.

You're not logged in!

Compare scores with friends on all Sporcle quizzes.
OR
Log In

Sporcle TV

Today on Sporcle TV


Watch our educational content, quiz creation guides, and fun videos on Sporcle TV.

Show Comments

Extras

Top Quizzes Today


Score Distribution

Paid Content

Your Account Isn't Verified!

In order to create a playlist on Sporcle, you need to verify the email address you used during registration. Go to your Sporcle Settings to finish the process.

Report this User

Report this user for behavior that violates our Community Guidelines.

Details: